000 00434nam a2200181Ia 4500
001 24027
005 20260414151016.0
008 260414t2010||||xx |||||||||||||| ||spa||
041 _aESP
082 _a750.985
_bT68
110 _aEl Comercio S.A.
245 0 _aMaestros de la pintura peruana :
_bJosé Tola
260 _c2010
300 _a95 páginas :
_c28 cm.
650 _aABD
654 _aCAU
942 _cLIB
_dJUS
_fJUS
_2ddc
_n
999 _c24027
_d24027